[Event "VIII Festival B"]
[Site "Verona ITA"]
[Date "2002.01.06"]
[Round "7"]
[White "Pegoraro, Nicola"]
[Black "Pipitone, Antonio"]
[Result "1-0"]
[WhiteElo "2091"]
[BlackElo "2044"]
[PlyCount "61"]
[EventDate "2002.01.02"]

1. e4 c5 2. Nf3 d6 3. d4 cxd4 4. Nxd4 Nf6 5. Nc3 Nc6 6. Be2 e6 7. O-O Be7 8.
Kh1 O-O 9. f4 Nxd4 10. Qxd4 Qc7 11. Qf2 Bd7 12. Qg3 Bc6 13. Bd3 Rfd8 14. Be3 d5
15. e5 Nd7 16. f5 Qxe5 17. Bf4 Qd4 18. fxe6 fxe6 19. Rad1 Qc5 20. Bxh7+ Kxh7
21. Qh3+ Kg8 22. Qxe6+ Kh7 23. Rf3 Nf6 24. Rh3+ Kg6 25. Rdd3 Qf2 26. Rdg3+ Qxg3
27. Rxg3+ Kh7 28. Qxe7 Rd7 29. Rxg7+ Kh8 30. Qxf6 Rxg7 31. Be5 1-0

[Event "XXXIV C.to Italiano a squadre A1 Sud"]
[Site "ITA"]
[Date "2002.03.15"]
[Round "1"]
[White "Kalezic, Blazo"]
[Black "Mariotti, Sergio"]
[Result "0-1"]
[WhiteElo "2458"]
[BlackElo "2356"]
[PlyCount "68"]
[EventDate "2002.03.15"]

1. e4 c6 2. d4 d5 3. Nd2 dxe4 4. Nxe4 Bf5 5. Ng3 Bg6 6. h4 h6 7. Nf3 Nd7 8. h5
Bh7 9. Bd3 Bxd3 10. Qxd3 Ngf6 11. Bd2 e6 12. O-O-O Qc7 13. Kb1 O-O-O 14. Qe2
Bd6 15. Ne4 Nxe4 16. Qxe4 Nf6 17. Qe2 c5 18. dxc5 Bxc5 19. Ne5 Rd5 20. f4 Rhd8
21. g4 Ne4 22. Qxe4 Rxd2 23. Rxd2 Rxd2 24. Nd3 Bg1 25. Nc1 Be3 26. Rf1 Qc6 27.
Qh7 f5 28. Qxg7 Qxc2+ 29. Ka1 Bd4 30. Qf8+ Kd7 31. Qf7+ Kd6 32. Qf8+ Kd5 33.
Qd8+ Ke4 34. Re1+ Kf3 0-1

[Event "Memorial Trincheri"]
[Site "Roma ITA"]
[Date "2002.01.27"]
[Round "7"]
[White "Ferretti, Folco"]
[Black "Scacco, Mauro"]
[Result "1-0"]
[WhiteElo "2286"]
[BlackElo "2058"]
[PlyCount "85"]
[EventDate "2002.01.19"]

1. c4 e6 2. Nf3 f5 3. g3 Nf6 4. Bg2 g6 5. O-O Bg7 6. d4 O-O 7. Nc3 d5 8. b3 Ne4
9. Bb2 Na6 10. e3 c6 11. Ne1 Bd7 12. f3 Nxc3 13. Bxc3 c5 14. cxd5 Bb5 15. Rf2
Qxd5 16. Rd2 Rad8 17. Rc1 cxd4 18. Bxd4 Nb4 19. Rc5 Bxd4 20. exd4 Qd7 21. f4
Bc6 22. Nf3 Qd6 23. Qe1 Bd5 24. Ne5 b6 25. Rc1 Bxg2 26. Kxg2 Rc8 27. Kh3 Nd5
28. Rdc2 Rxc2 29. Rxc2 Nf6 30. Qe3 Ne4 31. Rc6 Qd5 32. Rc7 Qb5 33. Nc4 Qd5 34.
Rxa7 b5 35. Ne5 Rc8 36. Rd7 Qa8 37. Qe2 Rc3 38. d5 exd5 39. Qxb5 Nf2+ 40. Kh4
d4 41. Rb7 Qf8 42. Qd5+ Kh8 43. Nf7+ 1-0

[Event "Weekend A Epifania"]
[Site "Torino ITA"]
[Date "2002.01.??"]
[Round "1"]
[White "Fuggetta, Leonardo"]
[Black "Rabaglino, Lorenzo"]
[Result "1-0"]
[WhiteElo "2050"]
[BlackElo "1591"]
[PlyCount "107"]
[EventDate "2002.01.??"]

1. c4 c5 2. g3 g6 3. Bg2 Bg7 4. Nf3 Nf6 5. O-O O-O 6. d4 cxd4 7. Nxd4 Nc6 8. e4
a6 9. Be3 Qc7 10. Nc3 d6 11. Rc1 Qd7 12. h3 Qe8 13. Qd2 Nxd4 14. Bxd4 Qd7 15.
Rfd1 Rb8 16. Ba7 Ra8 17. Bb6 Qc6 18. Bd4 Qxc4 19. Nd5 Qxa2 20. Ra1 Qb3 21. Ra3
Qb5 22. Nc7 Qc6 23. Nxa8 Nxe4 24. Bxg7 Nxd2 25. Bxc6 Kxg7 26. Rxd2 bxc6 27. Nc7
Bxh3 28. Rxa6 c5 29. Ra8 Rxa8 30. Nxa8 Kf6 31. Nb6 Be6 32. f3 Ke5 33. Kf2 d5
34. Na4 c4 35. Ke3 Bd7 36. Nb6 Bc6 37. f4+ Ke6 38. Kd4 Kd6 39. Re2 e6 40. Nc8+
Kd7 41. Kc5 Kxc8 42. Kxc6 Kd8 43. Kd6 Ke8 44. Rh2 h5 45. g4 Kf8 46. gxh5 gxh5
47. Rxh5 Kg7 48. Ke5 Kf8 49. Kf6 Ke8 50. Rh7 d4 51. Rxf7 d3 52. Kxe6 Kd8 53.
Rd7+ Ke8 54. f5 1-0

[Event "Weekend A Epifania"]
[Site "Torino ITA"]
[Date "2002.01.??"]
[Round "2"]
[White "Cavezzana, Davide"]
[Black "Matta, Francesca"]
[Result "0-1"]
[WhiteElo "1461"]
[BlackElo "1537"]
[PlyCount "118"]
[EventDate "2002.01.??"]

1. e4 e5 2. Nf3 Nc6 3. Bb5 a6 4. Ba4 Nf6 5. O-O b5 6. Bb3 Bc5 7. Nxe5 Nxe5 8.
d4 Bxd4 9. Qxd4 Nc6 10. Qd3 Bb7 11. Re1 O-O 12. Bg5 Re8 13. Nc3 Ne5 14. Qg3 c5
15. Bd5 Bxd5 16. Nxd5 Nh5 17. Qh4 f6 18. Be3 g6 19. Rad1 Re6 20. Bh6 Ng7 21. f4
Nf7 22. Bxg7 Kxg7 23. f5 Re5 24. fxg6 hxg6 25. Rf1 Re6 26. Rd3 Nd6 27. Rh3 Qh8
28. Qf4 Qf8 29. Qh6+ Kf7 30. Qxf8+ Rxf8 31. Rh7+ Kg8 32. Rxd7 Nxe4 33. Ne7+ Kf7
34. Nd5+ Ke8 35. Rg7 Re5 36. Rd1 Rf7 37. Rg8+ Rf8 38. Nc7+ Kf7 39. Rxf8+ Kxf8
40. Nxa6 Re6 41. Nc7 Rd6 42. Rxd6 Nxd6 43. Ne6+ Ke7 44. Nxc5 Nc4 45. Nd3 Ne3
46. c3 Kd6 47. Kf2 Nc4 48. Kf3 g5 49. g4 Kd5 50. Nb4+ Ke5 51. Nd3+ Kd5 52. a3
Nd2+ 53. Ke3 Nc4+ 54. Ke2 Ke4 55. Nc5+ Kf4 56. Kf2 Nxb2 57. Ne6+ Ke5 58. Nd4
Nd1+ 59. Kf3 Nxc3 0-1

[Event "Weekend A Epifania"]
[Site "Torino ITA"]
[Date "2002.01.??"]
[Round "2"]
[White "Guglielmi, Nicolo'"]
[Black "De Santis, Alessio"]
[Result "0-1"]
[WhiteElo "1683"]
[BlackElo "2274"]
[PlyCount "62"]
[EventDate "2002.01.??"]

1. c4 f5 2. Nc3 Nf6 3. d4 g6 4. g3 Bg7 5. Bg2 O-O 6. Nh3 d6 7. O-O c6 8. Nf4 g5
9. Nh3 h6 10. f4 g4 11. Nf2 Qb6 12. e3 Nbd7 13. Qd3 Ne8 14. Rb1 e5 15. Rd1 e4
16. Qe2 Ndf6 17. b4 Be6 18. c5 Qc7 19. b5 dxc5 20. bxc6 Qxc6 21. Qb5 cxd4 22.
Qxc6 bxc6 23. exd4 Rf7 24. Ba3 Nd5 25. Nxd5 Bxd5 26. Rb2 Rd8 27. Bc5 Nc7 28. a4
Ne6 29. Rb4 Nxc5 30. dxc5 e3 31. Nd3 Bxg2 0-1

[Event "Weekend A Epifania"]
[Site "Torino ITA"]
[Date "2002.01.??"]
[Round "2"]
[White "Rabaglino, Lorenzo"]
[Black "Crepaldi, Manuele"]
[Result "0-1"]
[WhiteElo "1591"]
[BlackElo "1473"]
[PlyCount "81"]
[EventDate "2002.01.??"]

1. c4 c5 2. Nc3 Nc6 3. g3 g6 4. Bg2 Bg7 5. Nf3 d6 6. O-O Nf6 7. e3 Bg4 8. h3
Bf5 9. a3 Bd3 10. Re1 Bxc4 11. d3 Be6 12. Ng5 Bd7 13. Qb3 O-O 14. Qxb7 Rb8 15.
Qa6 Rb6 16. Qc4 Ne5 17. Qa2 Nxd3 18. Rd1 Nxc1 19. Raxc1 Qc7 20. Bd5 e6 21. Bg2
Bc6 22. Bxc6 Qxc6 23. h4 h6 24. Nh3 d5 25. Rd2 c4 26. Ne2 e5 27. Rdc2 Rfb8 28.
Qa1 Qe6 29. Kg2 Ne4 30. Rd1 Qc6 31. Kg1 Qc5 32. Qc1 Rb3 33. Nc3 d4 34. exd4
exd4 35. Na4 Qe5 36. Nf4 c3 37. bxc3 Qb5 38. cxd4 Qxa4 39. Rc8+ Kh7 40. Rxb8
Rxb8 41. d5 {...} 0-1

[Event "Weekend A Epifania"]
[Site "Torino ITA"]
[Date "2002.01.??"]
[Round "2"]
[White "Torriano, Enzo"]
[Black "Fortino, Fabrizio"]
[Result "1/2-1/2"]
[WhiteElo "1446"]
[BlackElo "1597"]
[PlyCount "48"]
[EventDate "2002.01.??"]

1. e4 e5 2. Nf3 Nc6 3. Bb5 a6 4. Bxc6 dxc6 5. d4 exd4 6. Qxd4 Qxd4 7. Nxd4 Nf6
8. f3 Bc5 9. Be3 O-O 10. O-O Rd8 11. c3 Be6 12. Nd2 Rd7 13. N2b3 Ba7 14. Rfe1
Re7 15. Nxe6 Bxe3+ 16. Rxe3 Rxe6 17. Rd1 b6 18. Nd4 Rd6 19. e5 Nd5 20. exd6
Nxe3 21. Re1 Nd5 22. d7 Nf6 23. Nxc6 Nxd7 24. Re7 Nc5 1/2-1/2

[Event "Weekend A Epifania"]
[Site "Torino ITA"]
[Date "2002.01.??"]
[Round "3"]
[White "Bianco, Daniele"]
[Black "Malano, Francesco"]
[Result "0-1"]
[WhiteElo "1617"]
[BlackElo "2042"]
[PlyCount "90"]
[EventDate "2002.01.??"]

1. Nf3 c5 2. c4 g6 3. g3 Bg7 4. Bg2 Nc6 5. O-O d6 6. Nc3 e5 7. d3 Nge7 8. e3
O-O 9. a3 f5 10. Qc2 Kh8 11. b3 Ng8 12. Bb2 g5 13. Ne2 Bd7 14. Rad1 Qf6 15. Nd2
Rae8 16. Rfe1 Qg6 17. Bc3 Nf6 18. b4 b6 19. b5 Ne7 20. a4 f4 21. a5 Nf5 22. Nf1
Ng4 23. exf4 gxf4 24. gxf4 Nd4 25. Bxd4 exd4 26. Neg3 Rxf4 27. Rxe8+ Bxe8 28.
Ne4 Be5 29. axb6 axb6 30. Ra1 Rf8 31. Qe2 h5 32. Ra6 d5 33. cxd5 Bxb5 34. Ra1
Bb8 35. Ra8 Bxh2+ 36. Nxh2 Rxa8 37. Nxg4 Qxg4 38. Qxg4 hxg4 39. Nf6 Bxd3 40. d6
Rd8 41. d7 Bf5 42. Bc6 Kg7 43. Nd5 Bxd7 44. Bxd7 Rxd7 45. Nxb6 d3 0-1

[Event "Weekend A Epifania"]
[Site "Torino ITA"]
[Date "2002.01.??"]
[Round "3"]
[White "Fassio, Luca"]
[Black "Geuna, Giuseppe"]
[Result "1-0"]
[WhiteElo "2201"]
[BlackElo "1727"]
[PlyCount "41"]
[EventDate "2002.01.??"]

1. e4 c5 2. c3 d5 3. exd5 Qxd5 4. d4 e6 5. Nf3 Nf6 6. Bd3 Be7 7. O-O O-O 8. Na3
b6 9. Nb5 Na6 10. a4 Bb7 11. Bf4 Nh5 12. Be3 f5 13. Re1 g5 14. Bf1 f4 15. Bd2
Rf6 16. Re5 Qc6 17. Rxg5+ Rg6 18. Rxg6+ hxg6 19. Ne5 Qe4 20. Qg4 Kg7 21. Bd3
1-0

[Event "Weekend A Epifania"]
[Site "Torino ITA"]
[Date "2002.01.??"]
[Round "3"]
[White "Fortino, Fabrizio"]
[Black "Sguaitamatti, Roberto"]
[Result "1-0"]
[WhiteElo "1597"]
[BlackElo "1479"]
[PlyCount "47"]
[EventDate "2002.01.??"]

1. e4 e5 2. Nf3 Nc6 3. d4 d6 4. dxe5 dxe5 5. Qxd8+ Kxd8 6. Bc4 f6 7. O-O Bc5 8.
Nc3 Nb4 9. Bb3 f5 10. Nxe5 Nxc2 11. Bxc2 Ke7 12. exf5 Nf6 13. Re1 Rg8 14. Bb3
Re8 15. Nd3+ Kd8 16. Rxe8+ Kxe8 17. Nxc5 b6 18. Ne6 Bxe6 19. fxe6 Ke7 20. Bg5
Rd8 21. Nd5+ Kxe6 22. Nxf6+ Kf5 23. Nxh7 c5 24. Bxd8 1-0

[Event "Weekend A Epifania"]
[Site "Torino ITA"]
[Date "2002.01.??"]
[Round "3"]
[White "Fuggetta, Leonardo"]
[Black "Longo, Luigi"]
[Result "1-0"]
[WhiteElo "2050"]
[BlackElo "1690"]
[PlyCount "39"]
[EventDate "2002.01.??"]

1. c4 e6 2. g3 Nf6 3. Bg2 d5 4. Nf3 b6 5. O-O Bb7 6. Ne5 Bd6 7. Qa4+ c6 8. d4
O-O 9. Nc3 Bxe5 10. dxe5 Nfd7 11. f4 Qc7 12. Rd1 Rd8 13. cxd5 cxd5 14. Be3 Nc5
15. Qa3 a6 16. Rac1 Qe7 17. Na4 Nbd7 18. Nxb6 Nxb6 19. Bxc5 Qc7 20. Be7 1-0

[Event "Weekend A Epifania"]
[Site "Torino ITA"]
[Date "2002.01.??"]
[Round "3"]
[White "Giacometto, Mario"]
[Black "Xausa, Flavio"]
[Result "0-1"]
[WhiteElo "1717"]
[BlackElo "1819"]
[PlyCount "82"]
[EventDate "2002.01.??"]

1. e4 c5 2. Nf3 e6 3. d4 cxd4 4. Nxd4 Nf6 5. Bd3 d6 6. O-O Nbd7 7. Be3 a6 8. a4
b6 9. Nc3 Bb7 10. f3 Qc7 11. Kh1 Be7 12. Qd2 Rc8 13. Rad1 Ne5 14. Qf2 O-O 15.
Nde2 Nfd7 16. Qg3 Rfd8 17. h4 Nc5 18. Nf4 Kh8 19. h5 Qd7 20. h6 g6 21. Bd4 Qe8
22. Nxg6+ hxg6 23. f4 Qf8 24. fxe5 Qxh6+ 25. Kg1 Kg8 26. exd6 Rxd6 27. Be5 Rd7
28. Bf6 Bxf6 29. Rxf6 Kg7 30. Rdf1 Rh8 31. Qf3 Qh2+ 32. Kf2 Qh4+ 33. Ke2 Qh5
34. g4 Qh2+ 35. Rf2 Qc7 36. Rxg6+ Kxg6 37. Qf6+ Kh7 38. e5+ Kg8 39. g5 Nxd3 40.
cxd3 Qd8 41. Qf4 Rh7 0-1

[Event "Weekend A Epifania"]
[Site "Torino ITA"]
[Date "2002.01.??"]
[Round "3"]
[White "Matta, Francesca"]
[Black "Sorcinelli, Francesco"]
[Result "0-1"]
[WhiteElo "1537"]
[BlackElo "1860"]
[PlyCount "52"]
[EventDate "2002.01.??"]

1. d4 Nf6 2. c4 g6 3. Nc3 Bg7 4. e4 d6 5. Be2 O-O 6. Nf3 e5 7. d5 a5 8. O-O Na6
9. Bd2 Nc5 10. Qc2 Ne8 11. Be3 b6 12. a3 f5 13. b4 Nxe4 14. Nxe4 fxe4 15. Nd2
Nf6 16. Bg5 Bf5 17. Bxf6 Qxf6 18. Nxe4 Bxe4 19. Qxe4 axb4 20. axb4 Rxa1 21.
Rxa1 Qxf2+ 22. Kh1 Rf4 23. Qc2 e4 24. Rd1 Be5 25. g3 Rh4 26. Bd3 Rxh2# 0-1

[Event "Weekend A Epifania"]
[Site "Torino ITA"]
[Date "2002.01.??"]
[Round "3"]
[White "Rotundo, Raffaele"]
[Black "Pepino, Enrico"]
[Result "1-0"]
[WhiteElo "1729"]
[BlackElo "2080"]
[PlyCount "79"]
[EventDate "2002.01.??"]

1. e4 c5 2. c3 d5 3. exd5 Qxd5 4. d4 Nc6 5. Nf3 Bg4 6. Be2 cxd4 7. cxd4 e6 8.
O-O Nf6 9. h3 Bh5 10. Nc3 Qa5 11. Be3 Be7 12. Qb3 Qb4 13. Qxb4 Bxb4 14. a3 Be7
15. Rfd1 Nd5 16. Nxd5 exd5 17. g4 Bg6 18. Ne5 O-O 19. Rac1 Rfc8 20. Bf3 Be4 21.
Bxe4 dxe4 22. Nxc6 Rxc6 23. Rxc6 bxc6 24. d5 cxd5 25. Rxd5 Bf6 26. Bd4 a5 27.
Bxf6 gxf6 28. b4 axb4 29. axb4 Kg7 30. b5 Ra3 31. h4 Rb3 32. Kf1 Kf8 33. Ke2
Ke7 34. Kd2 Ke6 35. Rf5 Rh3 36. Rh5 f5 37. Rxf5 Rxh4 38. Rf4 Ke5 39. b6 Rh6 40.
Rf5+ 1-0

[Event "Weekend A Epifania"]
[Site "Torino ITA"]
[Date "2002.01.??"]
[Round "3"]
[White "Tomanin, Roberto"]
[Black "Rabaglino, Lorenzo"]
[Result "1-0"]
[WhiteElo "1407"]
[BlackElo "1591"]
[PlyCount "69"]
[EventDate "2002.01.??"]

1. d4 Nf6 2. Bf4 d6 3. Nf3 e6 4. e3 Nc6 5. Bd3 Be7 6. c3 O-O 7. Nbd2 b6 8. Ne4
Nxe4 9. Bxe4 Bb7 10. h4 f5 11. Bd3 Bf6 12. Ng5 Qe7 13. g4 Nxd4 14. Rh3 e5 15.
cxd4 exf4 16. Bxf5 Bxg5 17. hxg5 g6 18. Bd3 Qxg5 19. Be2 fxe3 20. Rxe3 Qh4 21.
Qb3+ Kh8 22. O-O-O Qxf2 23. d5 Qf6 24. Qc4 Rac8 25. Rf1 Qg7 26. Kb1 Rxf1+ 27.
Bxf1 Qf7 28. g5 Bxd5 29. Qd4+ Kg8 30. Bd3 Bxa2+ 31. Ka1 Be6 32. Rxe6 Re8 33.
Rxe8+ Qxe8 34. Bc4+ Kf8 35. Qf6+ 1-0

[Event "Weekend A Epifania"]
[Site "Torino ITA"]
[Date "2002.01.??"]
[Round "4"]
[White "Geuna, Giuseppe"]
[Black "Matta, Francesca"]
[Result "0-1"]
[WhiteElo "1727"]
[BlackElo "1537"]
[PlyCount "86"]
[EventDate "2002.01.??"]

1. d4 Nf6 2. Nf3 g6 3. e3 Bg7 4. Bd3 d6 5. O-O O-O 6. c4 Bg4 7. h3 Bd7 8. Nc3
Re8 9. e4 e5 10. d5 a5 11. Bg5 Na6 12. Rc1 Nc5 13. Bb1 h6 14. Be3 b6 15. a3 Rf8
16. b4 axb4 17. axb4 Na4 18. Qd2 Nxc3 19. Rxc3 Kh7 20. Rfc1 Nxe4 21. Bxe4 f5
22. Bb1 e4 23. Nd4 f4 24. Bxf4 Bxd4 25. Rg3 Qf6 26. Be3 Be5 27. Bxh6 Bxg3 28.
Bxf8 Bf4 29. Qd1 Bxc1 30. Qxc1 Rxf8 31. Qe3 Bf5 32. g4 Bd7 33. Bxe4 Qf4 34. Qd4
Kh6 35. Kg2 Re8 36. f3 Ba4 37. Qd3 Qf6 38. Qd2+ Kg7 39. b5 Bb3 40. g5 Qe5 41.
h4 Bxc4 42. Qc2 Qd4 43. Kg3 Qg1+ 0-1

[Event "Weekend A Epifania"]
[Site "Torino ITA"]
[Date "2002.01.??"]
[Round "4"]
[White "Longo, Luigi"]
[Black "Fortino, Fabrizio"]
[Result "1-0"]
[WhiteElo "1690"]
[BlackElo "1597"]
[PlyCount "89"]
[EventDate "2002.01.??"]

1. d4 d5 2. c4 c6 3. Nf3 Nf6 4. Nc3 e6 5. Bg5 Be7 6. e3 Nbd7 7. Rc1 O-O 8. cxd5
exd5 9. Bd3 Re8 10. O-O Nb6 11. Qc2 h6 12. Bxf6 Bxf6 13. h3 Be6 14. Ne2 Qd6 15.
Nf4 Nd7 16. b4 Rac8 17. a3 Kh8 18. Rfe1 Rcd8 19. Qa4 a6 20. Rc3 Rc8 21. Rec1
Rcd8 22. Qc2 Nb8 23. a4 Bd7 24. Qb3 b6 25. b5 axb5 26. axb5 c5 27. dxc5 bxc5
28. Rxc5 Be6 29. Rc7 d4 30. Nxe6 fxe6 31. exd4 Bxd4 32. Bg6 Rf8 33. Nxd4 Qxd4
34. Qe3 Qf6 35. Be4 Rf7 36. b6 Rdd7 37. Bf3 Qd8 38. Qxe6 Rxc7 39. bxc7 Rxc7 40.
Rxc7 Qxc7 41. Qe8+ Kh7 42. Be4+ g6 43. Qxg6+ Kh8 44. Qxh6+ Kg8 45. Bd5+ 1-0

[Event "Weekend A Epifania"]
[Site "Torino ITA"]
[Date "2002.01.??"]
[Round "4"]
[White "Malano, Francesco"]
[Black "Rotundo, Raffaele"]
[Result "1-0"]
[WhiteElo "2042"]
[BlackElo "1729"]
[PlyCount "105"]
[EventDate "2002.01.??"]

1. Nf3 Nf6 2. g3 e6 3. Bg2 d5 4. O-O c5 5. d3 Nc6 6. Nbd2 Bd6 7. e4 O-O 8. Qe2
Qc7 9. c3 b6 10. Re1 Be7 11. e5 Nd7 12. d4 cxd4 13. cxd4 Nb4 14. Bf1 Nc2 15.
Nb3 Nxa1 16. Nxa1 a5 17. Bg5 Ba6 18. Qd1 Bxg5 19. Bxa6 Rxa6 20. Nxg5 h6 21. Qd3
hxg5 22. Qxa6 Rc8 23. Kg2 Nb8 24. Qb5 Qc6 25. Qxc6 Rxc6 26. Kf3 Na6 27. Ke3 a4
28. a3 b5 29. Re2 b4 30. Rc2 bxa3 31. bxa3 Rb6 32. Rc8+ Kh7 33. Kd3 Rb1 34. Nc2
Rb7 35. Rc6 Nc7 36. Kd2 Na8 37. Ra6 Nb6 38. Ne3 f6 39. f4 gxf4 40. gxf4 Kg6 41.
Ke2 Kf7 42. Kd3 Ke7 43. f5 fxe5 44. dxe5 exf5 45. Rxb6 Rxb6 46. Nxd5+ Ke6 47.
Nxb6 Kxe5 48. Nxa4 g5 49. Nc3 g4 50. Ne2 f4 51. Ng1 Kd5 52. a4 g3 53. h4 1-0

[Event "Weekend A Epifania"]
[Site "Torino ITA"]
[Date "2002.01.??"]
[Round "4"]
[White "Nardelli, Marco"]
[Black "Longo, Aldo"]
[Result "1-0"]
[WhiteElo "1740"]
[BlackElo "1626"]
[PlyCount "122"]
[EventDate "2002.01.??"]

1. e4 e5 2. Nf3 Nc6 3. d4 exd4 4. Nxd4 Bc5 5. Nxc6 Qf6 6. Qd2 bxc6 7. Nc3 a6 8.
Qf4 Bd4 9. Qxf6 Nxf6 10. Ne2 Bb6 11. f3 O-O 12. Bg5 d5 13. Ng3 Re8 14. O-O-O
dxe4 15. Bxf6 gxf6 16. Nxe4 Kg7 17. Bc4 f5 18. Nc3 Kf6 19. Rhe1 Rxe1 20. Rxe1
Be6 21. Bb3 Rd8 22. Rd1 Be3+ 23. Kb1 Rxd1+ 24. Nxd1 Bg1 25. h3 Bd4 26. f4 Bd5
27. Bxd5 cxd5 28. Kc1 h5 29. Kd2 c5 30. Kd3 Ke6 31. Ke2 Bf6 32. c3 c4 33. Kd2
a5 34. Ne3 Bd8 35. b3 cxb3 36. axb3 Bc7 37. g3 h4 38. Ke2 hxg3 39. Kf3 g2 40.
Nxg2 d4 41. c4 Bd8 42. Ne1 Kd6 43. Nd3 Bf6 44. Kg3 Be7 45. h4 Bf6 46. h5 Bg7
47. Kf3 Bf8 48. Ke2 Bh6 49. Kd2 Bf8 50. Kc2 Ke6 51. Kb2 Kf6 52. c5 Kg7 53. Ka3
Be7 54. Ka4 Bd8 55. Kb5 Kh6 56. Kc6 Kxh5 57. Kd7 Kg4 58. Kxd8 Kf3 59. c6 Ke3
60. c7 Kxd3 61. c8=Q Kd2 1-0

[Event "Weekend A Epifania"]
[Site "Torino ITA"]
[Date "2002.01.??"]
[Round "4"]
[White "Rabaglino, Lorenzo"]
[Black "Barcellona, Antonino"]
[Result "1-0"]
[WhiteElo "1591"]
[BlackElo "1383"]
[PlyCount "36"]
[EventDate "2002.01.??"]

1. c4 c5 2. Nc3 Nc6 3. g3 Nf6 4. Bg2 g6 5. Nf3 Bg7 6. e3 e6 7. d4 cxd4 8. Nxd4
Nxd4 9. exd4 d5 10. cxd5 exd5 11. Be3 O-O 12. O-O Re8 13. Re1 Bf5 14. Qb3 Be4
15. Nxe4 Nxe4 16. Qxb7 Qa5 17. Qb3 Rab8 18. Qc2 18... Qb4 {...} 1-0

[Event "Weekend A Epifania"]
[Site "Torino ITA"]
[Date "2002.01.??"]
[Round "4"]
[White "Sorcinelli, Francesco"]
[Black "De Santis, Alessio"]
[Result "0-1"]
[WhiteElo "1860"]
[BlackElo "2274"]
[PlyCount "50"]
[EventDate "2002.01.??"]

1. e4 c5 2. Nc3 e6 3. f4 a6 4. a4 Qc7 5. Bc4 Qxf4 6. Nf3 Qc7 7. O-O Nc6 8. Qe1
d6 9. d3 Nf6 10. Bg5 Be7 11. Qh4 Bd7 12. Rae1 O-O-O 13. Qf2 h6 14. Bd2 Rhf8 15.
Rb1 Nd4 16. Nxd4 cxd4 17. Ne2 Nxe4 18. dxe4 Qxc4 19. b3 Qc6 20. Nxd4 Qxe4 21.
Rfe1 Qg4 22. Ba5 Bf6 23. Nf3 Rde8 24. Qa7 Bc6 25. Re3 Bxf3 0-1

[Event "Weekend A Epifania"]
[Site "Torino ITA"]
[Date "2002.01.??"]
[Round "4"]
[White "Vinciguerra, Marco"]
[Black "Fuggetta, Leonardo"]
[Result "0-1"]
[WhiteElo "1747"]
[BlackElo "2050"]
[PlyCount "38"]
[EventDate "2002.01.??"]

1. d4 g6 2. e4 Bg7 3. Nf3 d6 4. Bd3 Nd7 5. Nc3 a6 6. a4 e5 7. Be3 Ngf6 8. h3
O-O 9. O-O Re8 10. b4 exd4 11. Nxd4 c5 12. bxc5 dxc5 13. Nf3 Qc7 14. Bc4 Nb6
15. Ba2 Nxe4 16. Nxe4 Rxe4 17. Ng5 Rxa4 18. Bxf7+ Kh8 19. Rxa4 19... Nxa4 $138
0-1

[Event "Weekend A Epifania"]
[Site "Torino ITA"]
[Date "2002.01.??"]
[Round "4"]
[White "Xausa, Flavio"]
[Black "Fassio, Luca"]
[Result "1-0"]
[WhiteElo "1819"]
[BlackElo "2201"]
[PlyCount "101"]
[EventDate "2002.01.??"]

1. e4 g6 2. d4 Bg7 3. f3 d6 4. c4 Na6 5. Nc3 c5 6. d5 Nf6 7. Be3 O-O 8. Qd2 Nc7
9. Bd3 e6 10. Nge2 exd5 11. exd5 Re8 12. O-O b5 13. Nxb5 Nxb5 14. cxb5 Nxd5 15.
Be4 Nxe3 16. Bxa8 Nxf1 17. Kxf1 Bd7 18. Bc6 Bxc6 19. bxc6 Qc7 20. Rd1 Bf8 21.
b4 Qxc6 22. bxc5 dxc5 23. Qd7 Qxd7 24. Rxd7 Re7 25. Rxe7 Bxe7 26. Nc3 f5 27.
Ke2 Kf7 28. Kd3 Bd6 29. Nb5 Bxh2 30. Nxa7 Ke6 31. Nb5 Kd5 32. Nc3+ Kc6 33. Kc4
g5 34. Nd5 Bd6 35. Ne3 f4 36. Ng4 Be7 37. Nh6 Bf6 38. Ng4 Bg7 39. Nf2 Bf6 40.
Ng4 Bd4 41. Nh6 Kb6 42. Nf5 Bf6 43. Nh6 Be7 44. Ng8 Bd8 45. Nh6 Be7 46. Ng8 Bd8
47. Nh6 Kc6 48. a4 Bf6 49. Nf7 h5 50. a5 g4 51. a6 $139 1-0

[Event "Weekend A Epifania"]
[Site "Torino ITA"]
[Date "2002.01.??"]
[Round "5"]
[White "Bertagia, Roldano"]
[Black "Nardelli, Marco"]
[Result "0-1"]
[WhiteElo "1665"]
[BlackElo "1740"]
[PlyCount "74"]
[EventDate "2002.01.??"]

1. d4 Nf6 2. Nf3 e6 3. e3 d5 4. c4 Be7 5. Nc3 O-O 6. cxd5 exd5 7. Bd3 Bg4 8. h3
Bh5 9. O-O Bb4 10. g4 Bg6 11. Ne5 Bxd3 12. Qxd3 c6 13. Bd2 Ne4 14. Nxe4 dxe4
15. Qc2 Bxd2 16. Qxd2 Qh4 17. Kg2 f6 18. Nc4 Na6 19. Nd6 Rab8 20. Nxe4 f5 21.
Ng3 fxg4 22. hxg4 Qxg4 23. f3 Qe6 24. Rh1 Rbe8 25. e4 Rd8 26. Rh3 Rxf3 27. Qg5
Rdf8 28. Rah1 Rf2+ 29. Kg1 Qc4 30. Qxg7+ Kxg7 31. Rxh7+ Kg6 32. R1h6+ Kg5 33.
Rh5+ Kg4 34. Rg7+ Kf3 35. Rh3 Qc1+ 36. Nf1+ Ke2 37. Re3+ Qxe3 0-1

[Event "Weekend A Epifania"]
[Site "Torino ITA"]
[Date "2002.01.??"]
[Round "5"]
[White "De Santis, Alessio"]
[Black "Xausa, Flavio"]
[Result "1/2-1/2"]
[WhiteElo "2274"]
[BlackElo "1819"]
[PlyCount "79"]
[EventDate "2002.01.??"]

1. d4 Nf6 2. c4 g6 3. Nc3 Bg7 4. e4 d6 5. Be2 O-O 6. Bg5 c5 7. d5 b5 8. cxb5 a6
9. bxa6 Bxa6 10. Bxa6 Nxa6 11. Nge2 Qb6 12. Rb1 Nb4 13. a3 Na6 14. O-O Rfb8 15.
h3 c4 16. Be3 Nc5 17. Nd4 Rc8 18. Nc6 Kf8 19. Qe2 Qa6 20. Nb4 Qb7 21. f3 Nfd7
22. Qxc4 Na4 23. Qb5 Qxb5 24. Nxb5 Nxb2 25. Nc6 Nc4 26. Bg5 Bf6 27. Bxf6 Nxf6
28. Rb4 Na5 29. Ra4 Nb3 30. Rxa8 Rxa8 31. Rb1 Nc5 32. Nba7 Ke8 33. Rb4 Nfd7 34.
a4 Na6 35. Rb1 Ndc5 36. a5 Kd7 37. Kf2 e6 38. Ke3 exd5 39. exd5 Re8+ 40. Kd4
1/2-1/2

[Event "Weekend A Epifania"]
[Site "Torino ITA"]
[Date "2002.01.??"]
[Round "5"]
[White "Fassio, Luca"]
[Black "Giacometto, Mario"]
[Result "0-1"]
[WhiteElo "2201"]
[BlackElo "1717"]
[PlyCount "96"]
[EventDate "2002.01.??"]

1. e4 Nf6 2. e5 Nd5 3. d4 d6 4. exd6 exd6 5. c4 Nb6 6. Nc3 g6 7. Bd3 Bg7 8.
Nge2 Nc6 9. Be3 O-O 10. b3 Ne7 11. O-O Bf5 12. Rc1 Bxd3 13. Qxd3 d5 14. Bg5 c6
15. cxd5 cxd5 16. Rfe1 Qd7 17. Nb5 Nc6 18. a4 a6 19. Nbc3 Rfe8 20. Na2 Qg4 21.
Be3 Qe4 22. Qd2 Rac8 23. a5 Nd7 24. Nac3 Qf5 25. Na4 Re7 26. Red1 Rce8 27. Ng3
Qe6 28. b4 Nf6 29. Nc5 Qc8 30. Qc3 Na7 31. Qb3 Qb8 32. Ne2 Nb5 33. Nf4 Qd6 34.
Nfd3 Ne4 35. Nb2 Ng3 36. Qd3 Nf5 37. Nba4 Nxe3 38. fxe3 Rxe3 39. Nxb7 Qe7 40.
Qf1 Qxb7 41. Nc5 Qe7 42. Nxa6 Nxd4 43. Rc7 Ne2+ 44. Qxe2 Rxe2 45. Rxe7 R8xe7
46. Rxd5 Rb2 47. Rd8+ Bf8 48. g4 Re1# 0-1

[Event "Weekend A Epifania"]
[Site "Torino ITA"]
[Date "2002.01.??"]
[Round "5"]
[White "Fuggetta, Leonardo"]
[Black "Malano, Francesco"]
[Result "1/2-1/2"]
[WhiteElo "2050"]
[BlackElo "2042"]
[PlyCount "105"]
[EventDate "2002.01.??"]

1. c4 c6 2. g3 d5 3. Bg2 Nf6 4. Nf3 g6 5. b3 Bg7 6. Bb2 O-O 7. O-O Re8 8. cxd5
cxd5 9. d4 Ne4 10. Nc3 Nxc3 11. Bxc3 Nc6 12. Qd2 Bf5 13. Rac1 Rc8 14. Bb2 h5
15. h4 Qd6 16. Ne5 Nb8 17. Nd3 Bxd3 18. Qxd3 e6 19. Qb5 b6 20. e3 Bf8 21. Qd3
Nd7 22. Rc2 Nf6 23. Rfc1 Qd7 24. Qa6 Rxc2 25. Rxc2 Bd6 26. Ba3 Bxa3 27. Qxa3
Re7 28. Qc1 Kg7 29. Rc6 Ne8 30. Bf1 Nd6 31. Ba6 Nc4 32. Rc8 Nd6 33. Rc2 Qd8 34.
a4 Qd7 35. Bc8 Nxc8 36. Rxc8 Qd6 37. Qc3 Rb7 38. b4 Qd7 39. b5 Kf6 40. Kf1 Ke7
41. Ke2 Qd6 42. Rc6 Qb8 43. Qb4+ Kd7 44. Kd3 a5 45. Qc3 Rc7 46. e4 dxe4+ 47.
Kxe4 Qb7 48. d5 exd5+ 49. Kxd5 Ke8 50. Qh8+ Kd7 51. Qf6 Ke8 52. Qh8+ Kd7 53.
Qf6 1/2-1/2